00251nam a2200109 a 4500008004100000050001500041100002400056245002000080246002300100260000900123350000900132120416s1971 xx |||||||||||||| || u aTD 892 Bra aBragdon, Clifford R10aNoise pollution athe unquiet crisis c1971 a0.00